000 00457nam a22001697a 4500
003 NUST - PNEC
005 20170116181107.0
008 151003b xxu||||| |||| 00| 0 eng d
020 _a1860644171
040 _cLIBRARY
082 _a958.104 RAS
100 _912667
_aRashid, Ahmed
245 _aTalibban:islam oil and the new great game in central asia
_cAhmed Rashid
260 _cc.2000
650 _912673
_aAfghanistan
_xGeography
942 _2ddc
_cBK
999 _c68956
_d68956